LEADER 01576nam 2200421 450 001 9910796079803321 005 20200520144314.0 010 0 $a1118968360 010 0 $a9781118968369 035 $a(MiAaPQ)EBC7104295 035 $a(CKB)24989729000041 035 $a(MiAaPQ)EBC4901686 035 $a(Au-PeEL)EBL4901686 035 $a(CaPaEBR)ebr11406556 035 $a(CaONFJC)MIL1020913 035 $a(OCoLC)993763399 035 $a(EXLCZ)9924989729000041 100 $a20170501d2017 uy| 0 101 0 $aeng 135 $aur||||||||||| 181 $2rdacontent 182 $2rdamedia 183 $2rdacarrier 200 10$aCreate to learn $eintroduction to digital literacy /$fby Renee Hobbs, University of Rhode Island, South Kingston, U.S 210 1$aHoboken, New Jersey :$cWiley,$d2017. 215 $a1 online resource (296 pages) $ccolor illustrations 320 $aIncludes bibliographical references and index. 327 $aCreate to learn -- Getting creative -- Decisions, decisions -- Accessing & analyzing ideas -- Creating ideas -- Reflecting and taking action -- Blogs and websites -- Digital audio and podcasting -- Images -- Infographics and data visualization -- Vlogs and screencasts -- Video production -- Animation -- Remix production -- Social media. 606 $aComputer literacy 615 0$aComputer literacy. 676 $a004 700 $aHobbs$b Renee$01491525 801 0$bMiAaPQ 801 1$bMiAaPQ 801 2$bMiAaPQ 912 $a9910796079803321 996 $aCreate to learn$93713346 997 $aUNINA LEADER 01766nam 2200445Ka 450 001 9910149393803321 005 20240912105833.1 010 $a1-60908-926-X 035 $a(CKB)3710000000933526 035 $a(BIP)037838315 035 $a(ODN)ODN0001553804 035 $a(EXLCZ)993710000000933526 100 $a20140225d2011 ay 1 101 0 $aeng 135 $aurcn|---||||| 181 $ctxt$2rdacontent 182 $cc$2rdamedia 183 $acr$2rdacarrier 200 10$aJanitors /$fTyler Whitesides 210 $d2011 215 $a1 online resource 225 0 $aJanitors,$v1. 311 08$a1-60907-065-8 330 $aNo one takes Spencer Zumbro seriously when he tried to warn his classmates about the mysterious things prowling the halls and classrooms of Welcher Elementary School. But when he sees Marv, the janitor, going after one of the creatures with a vacuum, he knows he's not the only one who can see them. With the help of his new friends, Daisy, Spencer has to find out what the janitors know. The children's search uncovers the magic taking place behind the scenes of their seemingly ordinary school, where a battle is being waged for the minds of the students. Who can be trusted?and can Spencer and Daisy protect their school and possibly the world? 606 $aJuvenile Fiction$2OverDrive 606 $aFantasy$2OverDrive 610 $aChildren's Fiction 610 $aStudents 610 $aMonsters 610 $aSchools 610 $aJuvenile Fiction 615 17$aJuvenile Fiction. 615 7$aFantasy. 676 $aFic 686 $aJUV037000$2bisacsh 700 $aWhitesides$b Tyler$01243948 906 $aBOOK 912 $a9910149393803321 996 $aJanitors$93599534 997 $aUNINA